Learning Resource and Development

The case of the shoplifter's shoe / (Record no. 19866)

MARC details
000 -LEADER
fixed length control field 01029cam a2200277Ia 4500
001 - CONTROL NUMBER
control field caseofshoplifter00gard
003 - CONTROL NUMBER IDENTIFIER
control field CaSfIA
005 - DATE AND TIME OF LATEST TRANSACTION
control field 20230525154917.0
007 - PHYSICAL DESCRIPTION FIXED FIELD--GENERAL INFORMATION
fixed length control field cr||||
008 - FIXED-LENGTH DATA ELEMENTS--GENERAL INFORMATION
fixed length control field 820428t19451938nyu 000 f eng d
040 ## - CATALOGING SOURCE
Original cataloging agency RRR
Transcribing agency RRR
Modifying agency IAE
-- BGU
-- OCLCQ
-- OCLCG
-- CaSfIA
035 ## - SYSTEM CONTROL NUMBER
System control number (OCoLC)8375693
050 #4 - LIBRARY OF CONGRESS CALL NUMBER
Classification number PZ2
Item number .G22csh
100 1# - MAIN ENTRY--PERSONAL NAME
Personal name Gardner, Erle Stanley,
Dates associated with a name 1889-1970.
245 14 - TITLE STATEMENT
Title The case of the shoplifter's shoe /
Medium [electronic resource]
Statement of responsibility, etc. Erle Stanley Gardner.
250 ## - EDITION STATEMENT
Edition statement Pocket Book ed.
260 ## - PUBLICATION, DISTRIBUTION, ETC.
Place of publication, distribution, etc. New York :
Name of publisher, distributor, etc. Pocket Books,
Date of publication, distribution, etc. 1945, c1938.
300 ## - PHYSICAL DESCRIPTION
Extent 230 p. ;
Dimensions 17 cm.
490 0# - SERIES STATEMENT
Series statement Pocket book ;
Volume/sequential designation 312
650 #0 - SUBJECT ADDED ENTRY--TOPICAL TERM
Topical term or geographic name entry element Mason, Perry (Fictitious character)
Form subdivision Fiction.
650 #0 - SUBJECT ADDED ENTRY--TOPICAL TERM
Topical term or geographic name entry element Shoplifting
Form subdivision Fiction.
650 #0 - SUBJECT ADDED ENTRY--TOPICAL TERM
Topical term or geographic name entry element Diamonds
Form subdivision Fiction.
655 #7 - INDEX TERM--GENRE/FORM
Genre/form data or focus term Mystery fiction.
Source of term gsafd
856 41 - ELECTRONIC LOCATION AND ACCESS
Uniform Resource Identifier <a href="http://www.archive.org/details/caseofshoplifter00gard">http://www.archive.org/details/caseofshoplifter00gard</a>
Public note Free eBook from the Internet Archive
856 42 - ELECTRONIC LOCATION AND ACCESS
Uniform Resource Identifier <a href="http://www.openlibrary.org/books/OL24375723M">http://www.openlibrary.org/books/OL24375723M</a>
Public note Additional information and access via Open Library
Holdings
Withdrawn status Lost status Damaged status Not for loan Collection Home library Current library Date acquired Total Checkouts Date last seen Price effective from Koha item type
        Project Gutenberg Main Library Main Library 05/25/2023   05/25/2023 05/25/2023 EBooks